[Event "Titled Tue 27th May Early"]
[Site "chess.com INT"]
[Date "2025.05.27"]
[Round "1"]
[White "Kosteniuk, Alexandra"]
[Black "Dicen, Elis Denele"]
[Result "1-0"]
[WhiteTitle "GM"]
[BlackTitle "WFM"]
[WhiteElo "2479"]
[BlackElo "2135"]
[WhiteFideId "4128125"]
[BlackFideId "462560"]
[EventDate "2025.05.27"]

1. e4 e5 2. Nf3 Nc6 3. d4 exd4 4. Nxd4 Nf6 5. Nxc6 bxc6 6. Bd3 d5 7. exd5 cxd5
8. O-O Be7 9. c4 c6 10. Bf4 O-O 11. Nc3 Be6 12. cxd5 Nxd5 13. Nxd5 Bxd5 14. Qc2
g6 15. Rfd1 Bf6 16. Rac1 Qb6 17. b3 Bg7 18. Be3 Qb7 19. Bc4 Rac8 20. h4 h5 21.
Qd3 Qe7 22. Bxd5 cxd5 23. Rxc8 Rxc8 24. Qxd5 Qxh4 25. Bxa7 Re8 26. Qd7 Re7 27.
Qd8+ Kh7 28. Be3 Bf6 29. Qd5 Be5 30. a4 Qh2+ 31. Kf1 Qh1+ 32. Ke2 Qh4 33. g3
Qg4+ 34. Qf3 Qe6 35. Rd3 Rc7 36. Kf1 Qh3+ 37. Kg1 Bg7 38. Rd1 h4 39. Qh1 Qxh1+
40. Kxh1 hxg3 41. a5 gxf2 42. Bxf2 Rc3 43. b4 Rb3 44. Bc5 f5 45. a6 Ra3 46. a7
f4 47. Rd8 Bf6 48. a8=Q 1-0

[Event "Titled Tue 27th May Early"]
[Site "chess.com INT"]
[Date "2025.05.27"]
[Round "1"]
[White "Tsyhanchuk, Stanislav"]
[Black "Vusatiuk, Vladimir"]
[Result "1/2-1/2"]
[WhiteTitle "IM"]
[BlackTitle "IM"]
[WhiteElo "2273"]
[BlackElo "2286"]
[WhiteFideId "13505130"]
[BlackFideId "14118610"]
[EventDate "2025.05.27"]

1. d4 Nf6 2. Nf3 g6 3. c4 Bg7 4. g3 O-O 5. Bg2 d6 6. O-O Nc6 7. Nc3 a6 8. Bf4
Rb8 9. Rc1 Bd7 10. Nd5 e6 11. Nxf6+ Bxf6 12. e4 e5 13. Bh6 Re8 14. d5 Nd4 15.
Nxd4 exd4 16. Bd2 c5 17. dxc6 bxc6 18. b3 c5 19. f4 Bc6 20. Re1 Bg7 21. Qc2 Rb7
22. Re2 Rbe7 23. Rce1 Qa8 24. Qd3 h6 25. Ba5 Qb7 26. Qc2 f5 27. exf5 Bxg2 28.
Rxe7 Rxe7 29. Rxe7 Qxe7 30. Kxg2 Qe3 31. fxg6 d3 32. Qd2 Qe4+ 33. Kh3 Bd4 34.
Kg4 Qxg6+ 35. Kf3 Qh5+ 36. Ke4 Qg6+ 37. f5 Qg4+ 38. Kxd3 Qxf5+ 39. Ke2 Qe4+ 40.
Kd1 Qb1+ 41. Ke2 Qe4+ 42. Kd1 Qb1+ 43. Ke2 Qe4+ 1/2-1/2

[Event "Titled Tue 27th May Early"]
[Site "chess.com INT"]
[Date "2025.05.27"]
[Round "1"]
[White "Aqib Javaid Butt"]
[Black "Gong, Qianyun"]
[Result "1-0"]
[BlackTitle "WGM"]
[WhiteElo "1855"]
[BlackElo "2265"]
[WhiteFideId "7801262"]
[BlackFideId "8602425"]
[EventDate "2025.05.27"]

1. e4 e5 2. Nf3 Nc6 3. d4 exd4 4. Nxd4 Nf6 5. Nc3 Bb4 6. Nxc6 bxc6 7. Bd3 O-O 8.
O-O d5 9. exd5 Bg4 10. f3 Bh5 11. Bg5 Bxc3 12. bxc3 Qxd5 13. Bxf6 gxf6 14. Qd2
Bg6 15. Kh1 Rad8 16. Qf4 Rd6 17. Bc4 Qc5 18. Bb3 Qxc3 19. Rae1 Qd2 20. Qxd2 Rxd2
21. Re7 Bxc2 22. Rxc7 Bxb3 23. axb3 Rb8 24. Rxc6 Rxb3 25. Ra6 Rbb2 26. Rg1 Ra2
27. Rxa2 Rxa2 28. h3 Kg7 29. Rc1 Kg6 30. Kh2 f5 31. Rc4 a5 32. Kg3 Kf6 33. Rc6+
Ke5 34. Rh6 f4+ 35. Kh2 a4 36. Rxh7 f5 37. Ra7 a3 38. Ra6 Kd5 39. h4 Kc5 40. h5
Kb5 41. Ra8 Kb4 42. h6 Rd2 43. h7 a2 44. h8=Q Kb3 45. Qb8+ Kc2 1-0

[Event "Titled Tue 27th May Early"]
[Site "chess.com INT"]
[Date "2025.05.27"]
[Round "1"]
[White "Ramos Espinoza, Efren Andres"]
[Black "Gabrielian, Artur"]
[Result "0-1"]
[WhiteTitle "FM"]
[BlackTitle "GM"]
[WhiteElo "2104"]
[BlackElo "2419"]
[WhiteFideId "6100538"]
[BlackFideId "4131002"]
[EventDate "2025.05.27"]

1. e4 c5 2. Nc3 d6 3. g3 Nc6 4. Bg2 g6 5. d3 Bg7 6. Nge2 Rb8 7. a4 a6 8. O-O h5
9. h3 Nf6 10. Be3 h4 11. g4 Bxg4 12. hxg4 h3 13. Bf3 Ne5 14. Ng3 Qd7 15. g5 Nfg4
16. Kh1 Rh4 17. Be2 h2 18. Nd5 e6 19. Nf6+ Nxf6 20. gxf6 Bxf6 21. f4 Nc6 22. c3
Ke7 23. Bg4 Rbh8 24. Qf3 Qc7 25. Rad1 Qb6 26. Rd2 Qb3 27. Qd1 Qxd1 28. Bxd1 b5
29. axb5 axb5 30. Kg2 b4 31. Rh1 bxc3 32. bxc3 Bxc3 33. Ra2 Bd4 34. Bxd4 Nxd4
35. Ra7+ Kf6 36. e5+ dxe5 37. fxe5+ Kg7 38. Bf3 Rf4 39. Be4 Nc2 40. Rc1 Ne3+ 41.
Kh1 Ng4 42. Rxc5 Rf1+ 43. Kg2 Rg1+ 44. Kf3 Rh3 45. Kxg4 Rgxg3+ 46. Kf4 g5# 0-1

[Event "Titled Tue 27th May Early"]
[Site "chess.com INT"]
[Date "2025.05.27"]
[Round "1"]
[White "Dyulgerov, Volen"]
[Black "Masague Artero, Guerau"]
[Result "1-0"]
[WhiteTitle "CM"]
[BlackTitle "FM"]
[WhiteElo "2200"]
[BlackElo "2326"]
[WhiteFideId "2918978"]
[BlackFideId "32098952"]
[EventDate "2025.05.27"]

1. e4 e5 2. Nf3 Nc6 3. d4 exd4 4. Nxd4 Qf6 5. Nxc6 Bc5 6. Qd2 dxc6 7. Nc3 Be6 8.
Na4 Rd8 9. Bd3 Bd4 10. c3 Bxf2+ 11. Qxf2 Qxf2+ 12. Kxf2 Rxd3 13. Nc5 Rd8 14.
Nxb7 Rb8 15. Nc5 Nf6 16. Nxe6 fxe6 17. Ke3 Ke7 18. b3 Ng4+ 19. Ke2 Kf6 20. h3
Ne5 21. c4 Ng6 22. Bb2+ e5 23. Rhf1+ Ke6 24. g3 Rbd8 25. Rf5 Rd7 26. Raf1 Rhd8
27. Bc3 Rd3 28. R1f3 Rd1 29. h4 R1d4 30. Bxd4 Rxd4 31. Ke3 Ne7 32. Rf7 Rd1 33.
Rxg7 Re1+ 34. Kd3 Rd1+ 35. Ke2 Ra1 36. Rff7 Rxa2+ 37. Ke3 Nc8 38. Rxc7 Nd6 39.
Rxc6 Rb2 40. Rb7 Rg2 41. Kf3 Rd2 42. c5 h5 43. Rxd6+ 1-0

[Event "Titled Tue 27th May Early"]
[Site "chess.com INT"]
[Date "2025.05.27"]
[Round "1"]
[White "Ollier, Pablo"]
[Black "Khodabandeh, Milad"]
[Result "1-0"]
[WhiteTitle "FM"]
[BlackTitle "CM"]
[WhiteElo "2284"]
[BlackElo "1957"]
[WhiteFideId "652318"]
[BlackFideId "12538620"]
[EventDate "2025.05.27"]

1. d4 d5 2. c4 c6 3. Nc3 Nf6 4. e3 Bf5 5. cxd5 cxd5 6. Qb3 Bc8 7. Bb5+ Nc6 8.
Nf3 e6 9. Ne5 Bd7 10. O-O Rc8 11. Bd2 a6 12. Bxc6 Bxc6 13. Rfc1 b5 14. Nxc6 Rxc6
15. Nxb5 Rxc1+ 16. Rxc1 axb5 17. Qxb5+ Nd7 18. Ba5 Qa8 19. Rc7 Qd8 20. Qc6 Ke7
21. Bb4+ Kf6 22. Rxd7 Qb8 23. Rb7 Qd8 24. g3 Bxb4 25. Rxb4 Qa5 26. Qd6 Rc8 27.
Rb7 Qe1+ 28. Kg2 Rc1 29. Qe7+ Kf5 30. Qxf7+ Ke4 31. Qf3+ Kd3 32. Rb3+ Kd2 33.
Kh3 Qf1+ 34. Kh4 Qd3 35. Rxd3+ Kxd3 36. e4+ Kxd4 37. Qe3+ 1-0

[Event "Titled Tue 27th May Early"]
[Site "chess.com INT"]
[Date "2025.05.27"]
[Round "1"]
[White "Bozorov, Javohir"]
[Black "Rose, Felix"]
[Result "1-0"]
[WhiteTitle "FM"]
[BlackTitle "CM"]
[WhiteElo "2093"]
[BlackElo "2093"]
[WhiteFideId "14216957"]
[BlackFideId "5105722"]
[EventDate "2025.05.27"]

1. Nf3 d5 2. d4 Nf6 3. Bg5 Ne4 4. Nbd2 Nxg5 5. Nxg5 e5 6. h4 h6 7. Ngf3 e4 8.
Nh2 e3 9. Ndf3 exf2+ 10. Kxf2 Be7 11. g3 O-O 12. e3 c5 13. c3 Nc6 14. Bd3 Bh3
15. Nf1 Bg4 16. N1d2 Re8 17. Qc2 Qd7 18. Rae1 c4 19. Bh7+ Kh8 20. h5 Bd6 21. Qb1
Qc7 22. Reg1 Qe7 23. Re1 Qc7 24. Nf1 b5 25. Bf5 Bxf3 26. Kxf3 Re7 27. Rh4 Rae8
28. Qc2 b4 29. Qg2 bxc3 30. bxc3 Qa5 31. Qc2 Rb8 32. Rg4 Ba3 33. Re2 Rb2 34. Qd1
Qxc3 35. Rxb2 Qxb2 36. Qa4 Rc7 37. Bd7 Ne7 38. Rf4 1-0

[Event "Titled Tue 27th May Early"]
[Site "chess.com INT"]
[Date "2025.05.27"]
[Round "1"]
[White "Dishman, Stephen"]
[Black "Kislinsky, Alexey"]
[Result "0-1"]
[WhiteTitle "FM"]
[BlackTitle "GM"]
[WhiteElo "2284"]
[BlackElo "2350"]
[WhiteFideId "403024"]
[BlackFideId "14108801"]
[EventDate "2025.05.27"]

1. Nf3 c5 2. c4 g6 3. g3 Bg7 4. Bg2 Nf6 5. Nc3 O-O 6. O-O Nc6 7. d4 cxd4 8. Nxd4
Qb6 9. Nc2 d6 10. b3 Bf5 11. e4 Bg4 12. Qd2 Ne5 13. Na4 Qc7 14. f3 Bd7 15. Nc3
Rac8 16. Bb2 Qb8 17. Ne3 b5 18. cxb5 Bxb5 19. Nxb5 Qxb5 20. Rfd1 Rfd8 21. h3 h5
22. f4 Ned7 23. Rac1 Nc5 24. e5 Nfe4 25. Qe1 dxe5 26. Rxd8+ Rxd8 27. fxe5 Nd3
28. Bf1 Bxe5 29. Bxd3 Rxd3 30. Rc8+ Kg7 31. Nf1 Bxb2 32. Qxe4 Rd1 33. Qc4 Qb6+
34. Kg2 Qf6 35. Qe2 Ra1 36. Ne3 Rxa2 37. Nd5 Qd4 38. Qf3 Bc3+ 0-1

[Event "Titled Tue 27th May Early"]
[Site "chess.com INT"]
[Date "2025.05.27"]
[Round "1"]
[White "Tan, Jun Ying"]
[Black "Leinov, Roman"]
[Result "1-0"]
[WhiteTitle "FM"]
[BlackTitle "CM"]
[WhiteElo "2414"]
[BlackElo "2120"]
[WhiteFideId "5710413"]
[BlackFideId "13504649"]
[EventDate "2025.05.27"]

1. Nf3 Nf6 2. c4 e6 3. g3 d5 4. Bg2 b6 5. O-O Bb7 6. b3 c5 7. e3 Be7 8. Bb2 O-O
9. Nc3 dxc4 10. bxc4 Nc6 11. Qe2 Qd7 12. Ne1 Rfd8 13. d3 Rac8 14. f4 Nb4 15. Rd1
Bxg2 16. Nxg2 h6 17. a3 Nc6 18. g4 e5 19. g5 hxg5 20. fxg5 Nh7 21. h4 Bf8 22.
Ne4 Qe6 23. h5 Rd7 24. Nh4 Be7 25. Qg2 Rcd8 26. Nf5 Rxd3 27. Rxd3 Rxd3 28. Nxe7+
Qxe7 29. Nf6+ Kh8 30. Nxh7 Qd7 31. Qe4 Rd2 32. Nf8 f5 33. gxf6 1-0

[Event "Titled Tue 27th May Early"]
[Site "chess.com INT"]
[Date "2025.05.27"]
[Round "1"]
[White "Erece, Ece Alkim"]
[Black "Al-Tarboush, Ward"]
[Result "0-1"]
[WhiteTitle "WCM"]
[BlackTitle "FM"]
[WhiteElo "1843"]
[BlackElo "2223"]
[WhiteFideId "6346006"]
[BlackFideId "7601450"]
[EventDate "2025.05.27"]

1. e4 e6 2. d4 d5 3. exd5 exd5 4. Bf4 Nf6 5. Nc3 Bb4 6. Ne2 Nc6 7. Qd3 Bg4 8.
O-O-O Qe7 9. f3 Bh5 10. Kb1 O-O 11. h4 a6 12. Qd2 Rae8 13. g4 Bxg4 14. fxg4 Ne4
15. Qe1 Nxc3+ 16. bxc3 Ba3 17. Qg3 Na5 18. Nc1 Nc4 19. Bd3 Qf6 20. Nb3 a5 21.
Bxc7 a4 22. Nc5 Bxc5 23. Bxc4 dxc4 24. dxc5 Re4 25. Bd6 Rfe8 26. Rhf1 Qe6 27. h5
a3 28. Ka1 Re3 29. Qf4 Rxc3 30. g5 Rxc2 31. g6 f6 32. gxh7+ Kh8 33. h6 c3 34.
hxg7+ Kxg7 35. Rg1+ Kf7 36. Rg7+ Kxg7 37. Qg3+ Kf7 0-1

[Event "Titled Tue 27th May Early"]
[Site "chess.com INT"]
[Date "2025.05.27"]
[Round "1"]
[White "Fragkos, Vasileios"]
[Black "Arya G Mallar"]
[Result "1-0"]
[WhiteTitle "CM"]
[BlackTitle "WCM"]
[WhiteElo "2176"]
[BlackElo "2014"]
[WhiteFideId "25832646"]
[BlackFideId "25115324"]
[EventDate "2025.05.27"]

1. f4 d5 2. Nf3 c5 3. e3 Nc6 4. Bb5 e6 5. b3 Nf6 6. O-O Be7 7. Bb2 O-O 8. Bxc6
bxc6 9. d3 a5 10. a4 Ba6 11. Ne5 Qb6 12. Qe2 c4 13. Nd2 cxd3 14. cxd3 c5 15.
Rab1 Rab8 16. Rf3 Ne4 17. Nd7 Qb4 18. Nxe4 dxe4 19. Rg3 f6 20. Qg4 Rf7 21. Nxb8
Bxd3 22. Nc6 Qb7 23. Nxe7+ Qxe7 24. Rc1 Rf8 25. f5 e5 26. Qd1 Rb8 27. Rc3 Qf7
28. Rh3 h6 29. Ba3 Qd7 30. Rg3 Qxf5 31. h3 Rd8 32. Kh2 Kh7 33. Bxc5 Rd7 34. Bb6
Bf1 35. Qe1 Bd3 36. Bxa5 Rb7 37. b4 Qd7 38. Qd1 Qe8 39. Rxd3 Rd7 40. Rxd7 Qb8
41. Rgxg7+ Kh8 42. Rh7+ Kg8 43. Qd5+ Kf8 44. Rh8# 1-0

[Event "Titled Tue 27th May Early"]
[Site "chess.com INT"]
[Date "2025.05.27"]
[Round "1"]
[White "Yang, ZiLong"]
[Black "Logachiov, Aleksandr"]
[Result "1-0"]
[WhiteTitle "FM"]
[BlackTitle "CM"]
[WhiteElo "2326"]
[BlackElo "2129"]
[WhiteFideId "8641528"]
[BlackFideId "24123706"]
[EventDate "2025.05.27"]

1. e4 c5 2. Nf3 d6 3. d4 cxd4 4. Nxd4 Nf6 5. Nc3 a6 6. Be2 e5 7. Nb3 Be7 8. O-O
O-O 9. Be3 Be6 10. Nd5 Bxd5 11. exd5 Nbd7 12. c4 Qc7 13. Rc1 a5 14. a4 b6 15.
Nd2 Ne8 16. f4 exf4 17. Bxf4 Bf6 18. b3 Bb2 19. Rc2 Be5 20. Be3 Nc5 21. Rc1 Qe7
22. Bf2 Nf6 23. Nf3 Nfe4 24. Nxe5 Qxe5 25. Bd4 Qg5 26. Rf3 Rae8 27. Be3 Qh4 28.
Rh3 Qf6 29. Qc2 Qe5 30. Rf1 f5 31. Bf4 Qd4+ 32. Be3 Qe5 33. Bd3 g6 34. Re1 f4
35. Bxc5 Nxc5 36. Rxe5 Rxe5 37. Bxg6 hxg6 38. Qxg6# 1-0

[Event "Titled Tue 27th May Early"]
[Site "chess.com INT"]
[Date "2025.05.27"]
[Round "1"]
[White "Brozynski, Patryk"]
[Black "Karttunen, Mika"]
[Result "0-1"]
[WhiteTitle "CM"]
[BlackTitle "IM"]
[WhiteElo "2219"]
[BlackElo "2490"]
[WhiteFideId "2512700"]
[BlackFideId "502081"]
[EventDate "2025.05.27"]

1. Nf3 Nf6 2. e3 d5 3. b3 e6 4. Bb2 Be7 5. Be2 c5 6. O-O O-O 7. c4 Nc6 8. d3 d4
9. exd4 cxd4 10. Nbd2 e5 11. Re1 h6 12. a3 a5 13. Bf1 Bd6 14. h3 Bf5 15. c5 Bc7
16. Nc4 Re8 17. Qd2 Nd5 18. Rac1 Bh7 19. g3 Qd7 20. Bg2 Rad8 21. Qd1 Qf5 22. Re4
Nc3 23. Bxc3 dxc3 24. Rxc3 Qxe4 25. dxe4 Rxd1+ 26. Kh2 Red8 27. Re3 f6 28. Nh4
g5 29. Nf5 Bxf5 30. exf5 R1d3 31. Re2 Rxb3 32. h4 Kg7 33. hxg5 hxg5 34. Be4 Rd4
35. Ne3 Rxe4 36. Rd2 Rd4 37. Rc2 e4 38. Kg2 Ne5 39. Rc1 Nd3 40. Rf1 Rb2 41. a4
Nxc5 42. Rc1 b6 43. Rf1 Bd6 44. Ng4 Nd3 45. Kh3 Bc5 46. Kg2 Rxa4 47. Kh3 Raa2
48. Rh1 Bxf2 49. Nxf2 Nxf2+ 50. Kg2 Ng4+ 51. Kh3 Ne5 52. Rh2 g4+ 53. Kh4 Rxh2# 0-1

[Event "Titled Tue 27th May Early"]
[Site "chess.com INT"]
[Date "2025.05.27"]
[Round "1"]
[White "Boramanikar, Tanisha S"]
[Black "Elier, Ali"]
[Result "0-1"]
[WhiteTitle "WCM"]
[BlackTitle "CM"]
[WhiteElo "1743"]
[BlackElo "2142"]
[WhiteFideId "35023454"]
[BlackFideId "16217543"]
[EventDate "2025.05.27"]

1. e4 e5 2. Nf3 Nc6 3. Bb5 Nge7 4. O-O g6 5. d4 exd4 6. Nxd4 Bg7 7. Be3 O-O 8.
Bxc6 Nxc6 9. c4 Qe7 10. Nc3 d6 11. f3 Bd7 12. Nd5 Qd8 13. Qd2 Re8 14. Rab1 a5
15. a3 a4 16. Nb5 Rc8 17. Bg5 f6 18. Bh6 Ne5 19. Bxg7 Kxg7 20. Qb4 c6 21. Nxd6
cxd5 22. Nxc8 Qxc8 23. cxd5 Qb8 24. Rfd1 Rc8 25. Qe7+ Kg8 26. Qxf6 Qa7+ 27. Kh1
Nf7 28. Rbc1 Rxc1 29. Rxc1 Qe3 30. Qc3 Qe2 31. Qc2 Qb5 32. Re1 Ne5 33. Qc3 Nf7
34. Qd4 Nd6 35. e5 Nf5 36. Qd2 Be8 37. d6 Qd7 38. g4 Ng7 39. Qd5+ Ne6 40. Rc1
Kg7 41. h4 h5 42. Kg2 Nf4+ 0-1

[Event "Titled Tue 27th May Early"]
[Site "chess.com INT"]
[Date "2025.05.27"]
[Round "1"]
[White "Galchenko, Matvey"]
[Black "Dovgaliuk, Oleksandr"]
[Result "1-0"]
[WhiteTitle "IM"]
[WhiteElo "2442"]
[BlackElo "2240"]
[WhiteFideId "24175480"]
[BlackFideId "14167247"]
[EventDate "2025.05.27"]

1. f4 b6 2. e4 Bb7 3. d3 e6 4. Nf3 d5 5. Qe2 dxe4 6. dxe4 Bb4+ 7. c3 Ba6 8. Qc2
Bxf1 9. Rxf1 Be7 10. Be3 Nf6 11. Nbd2 O-O 12. O-O-O Qc8 13. h3 Nbd7 14. g4 Bc5
15. Nd4 Qa6 16. g5 Nh5 17. Kb1 e5 18. fxe5 Nxe5 19. N2b3 Nc4 20. Bc1 Rab8 21.
Nf5 Qb5 22. Ka1 a5 23. Nbd4 Bxd4 24. cxd4 a4 25. Qe2 Na3 26. Qg2 Nc4 27. Rf3 Nd6
28. Ne7+ Kh8 29. e5 Nc4 30. Rc3 Qd7 31. Nc6 Na5 32. Nxb8 Rxb8 33. Qf3 g6 34. d5
Kg8 35. Be3 b5 36. Bd4 b4 37. e6 fxe6 38. dxe6 Qxe6 39. Re3 Qf7 40. Qxf7+ Kxf7
41. Rf1+ Kg8 42. Re7 Rf8 43. Rxf8+ Kxf8 44. Rxc7 Ng3 45. Bb6 1-0

[Event "Titled Tue 27th May Early"]
[Site "chess.com INT"]
[Date "2025.05.27"]
[Round "1"]
[White "Schubert, Christian"]
[Black "Lee, Kyungseok"]
[Result "0-1"]
[WhiteTitle "CM"]
[BlackTitle "CM"]
[WhiteElo "2203"]
[BlackElo "2072"]
[WhiteFideId "4604229"]
[BlackFideId "13202154"]
[EventDate "2025.05.27"]

1. e4 c6 2. d4 d5 3. exd5 cxd5 4. c4 Nf6 5. Nc3 g6 6. Nf3 Bg7 7. Qb3 dxc4 8.
Bxc4 O-O 9. O-O Nc6 10. Rd1 Na5 11. Qa4 Nxc4 12. Qxc4 Bg4 13. Qd3 Rc8 14. h3 Be6
15. Bf4 Nd5 16. Be5 f6 17. Bg3 Nxc3 18. bxc3 Bc4 19. Qe3 e6 20. Nd2 Bd5 21. c4
Rxc4 22. Nxc4 Bxc4 23. d5 Bxd5 24. Qxa7 Qd7 25. Rac1 Qb5 26. Qc5 Qxc5 27. Rxc5
Ra8 28. Rd2 Bh6 29. Rb2 Bf8 30. Rc7 Ba3 31. Rbc2 Bb4 32. Rc8+ Rxc8 33. Rxc8+ Kg7
34. Ra8 g5 35. a3 Bc3 36. Bd6 Kg6 37. Bb4 Bd4 38. Kf1 h5 39. Rg8+ Kf5 40. Rh8 h4
41. Rd8 Ke5 42. Rf8 Kf5 0-1

[Event "Titled Tue 27th May Early"]
[Site "chess.com INT"]
[Date "2025.05.27"]
[Round "1"]
[White "Hnatyshyn, Anastasiia"]
[Black "Le, Tuan Minh"]
[Result "0-1"]
[WhiteTitle "WFM"]
[BlackTitle "GM"]
[WhiteElo "2159"]
[BlackElo "2598"]
[WhiteFideId "14198339"]
[BlackFideId "12401153"]
[EventDate "2025.05.27"]

1. Nc3 e5 2. Nf3 Nc6 3. d4 exd4 4. Nxd4 Bc5 5. Nf5 Qf6 6. e4 Nge7 7. Bd3 d6 8.
O-O O-O 9. Nxe7+ Nxe7 10. Kh1 c6 11. f4 Re8 12. e5 Qh4 13. Ne4 Nf5 14. Qe1 Qxe1
15. Rxe1 Bb6 16. exd6 Nxd6 17. Bd2 Nxe4 18. Bxe4 Be6 19. f5 Bd7 20. Bc3 Bf2 21.
Red1 Rad8 22. Bd3 c5 23. f6 g6 24. Bc4 Bc6 25. a3 b5 26. Bf1 h5 27. b4 c4 28. a4
a6 29. axb5 axb5 30. Bb2 Be4 31. c3 Bh4 32. Kg1 Bxf6 33. g3 Bc2 34. Re1 Kg7 35.
Bg2 Ba4 36. Bc6 Rxe1+ 37. Rxe1 Rd2 38. Ba1 h4 39. g4 h3 40. Bf3 Bh4 41. Rf1 Bg5
42. Bc6 Bc2 43. Kh1 Be3 44. Re1 Bf4 45. Rf1 Bd3 46. Rxf4 Rd1+ 0-1

[Event "Titled Tue 27th May Early"]
[Site "chess.com INT"]
[Date "2025.05.27"]
[Round "1"]
[White "Aradhya, Garg"]
[Black "Ochedzan, Filip"]
[Result "1-0"]
[WhiteTitle "IM"]
[BlackTitle "CM"]
[WhiteElo "2383"]
[BlackElo "2130"]
[WhiteFideId "25006746"]
[BlackFideId "21892610"]
[EventDate "2025.05.27"]

1. d4 f5 2. Nf3 Nf6 3. g3 g6 4. Bg2 Bg7 5. O-O O-O 6. c4 d6 7. Nc3 Qe8 8. Re1 e5
9. e4 fxe4 10. dxe5 dxe5 11. Nxe4 Nxe4 12. Qd5+ Be6 13. Qxe4 Nc6 14. Be3 Rd8 15.
Rad1 Bf5 16. Rxd8 Qxd8 17. Qd5+ Qxd5 18. cxd5 Ne7 19. Bc5 Re8 20. Nxe5 b6 21.
Bb4 a5 22. Bc3 Nc8 23. g4 Bc2 24. h3 Nd6 25. b3 a4 26. bxa4 Bxa4 27. f4 Bb5 28.
Bb4 Nc4 29. Nxc4 Rxe1+ 30. Bxe1 Bxc4 31. a4 Bd4+ 32. Kh2 Be3 33. Kg3 Kf7 34. a5
Ke7 35. Bb4+ Kd7 36. Be4 Bc5 37. axb6 cxb6 38. Bxc5 bxc5 39. f5 gxf5 40. Bxf5+
Kd6 41. Bxh7 Bxd5 42. Kf4 c4 43. g5 c3 44. Bc2 Kc5 45. h4 Kb4 46. Ke5 Bb3 47.
Bd3 Bc4 48. Be4 Kb3 49. h5 1-0

[Event "Titled Tue 27th May Early"]
[Site "chess.com INT"]
[Date "2025.05.27"]
[Round "1"]
[White "Ivashentseva, Dominika"]
[Black "Lisenkov, Svyatoslav"]
[Result "0-1"]
[WhiteTitle "WCM"]
[BlackTitle "CM"]
[WhiteElo "1921"]
[BlackElo "2241"]
[WhiteFideId "34331050"]
[BlackFideId "34264183"]
[EventDate "2025.05.27"]

1. d4 Nf6 2. c4 c5 3. d5 b5 4. cxb5 a6 5. bxa6 g6 6. Nc3 Bg7 7. e4 O-O 8. Nf3
Qa5 9. Bd2 Bxa6 10. Be2 Bxe2 11. Qxe2 Qa6 12. e5 Ne8 13. Qxa6 Nxa6 14. O-O Nb4
15. d6 exd6 16. exd6 Nxd6 17. Bf4 Nc4 18. a3 Nd3 19. Nd5 Bxb2 20. Bh6 Bxa1 21.
Ne7+ Kh8 22. Bxf8 Bg7 23. Bxg7+ Kxg7 24. Rd1 Rxa3 25. h4 Ncb2 26. Rd2 c4 27. Nd5
h5 28. Rc2 Ra5 29. Ne3 d5 30. Nd4 Na4 31. g3 Nb6 32. Kg2 Ne1+ 33. Kf1 Nxc2 34.
Nexc2 Kf6 35. Ke2 Ra2 36. Ke3 Na4 37. Nb4 Ra3+ 38. Kd2 Nc5 39. Nxd5+ Ke5 40. Nb5
Ra2+ 41. Kc3 Kxd5 42. Nc7+ Kc6 43. Ne8 Rxf2 44. Ng7 Rf3+ 45. Kxc4 Rxg3 46. Ne8
Rg4+ 47. Kc3 Rxh4 48. Nf6 Ne4+ 49. Nxe4 Rxe4 50. Kd3 Re6 51. Kd4 h4 52. Kd3 h3
53. Kd4 h2 54. Kd3 h1=Q 55. Kc4 Qd5+ 56. Kb4 Re4+ 57. Kc3 Qc4+ 58. Kd2 Re2+ 59.
Kd1 Qc2# 0-1

[Event "Titled Tue 27th May Early"]
[Site "chess.com INT"]
[Date "2025.05.27"]
[Round "1"]
[White "Saito, Vinicius"]
[Black "Ivannikov, Maksim"]
[Result "0-1"]
[BlackTitle "CM"]
[WhiteElo "2083"]
[BlackElo "2184"]
[WhiteFideId "2113384"]
[BlackFideId "34275339"]
[EventDate "2025.05.27"]

1. e4 e5 2. Nf3 Nc6 3. Bb5 a6 4. Ba4 Nf6 5. O-O Nxe4 6. d4 b5 7. Bb3 d5 8. dxe5
Be6 9. Qe2 Be7 10. Rd1 O-O 11. c4 bxc4 12. Bxc4 Bc5 13. Be3 Bxe3 14. Qxe3 Qb8
15. Bb3 Na5 16. Nbd2 Qb6 17. Qxb6 cxb6 18. Rac1 Rac8 19. h3 Nc5 20. Bc2 Nc6 21.
Nb3 Nb4 22. Bb1 a5 23. Nbd4 Na4 24. a3 Nxb2 25. axb4 Nxd1 26. Rxd1 axb4 27. Bd3
Rc3 28. Ne2 Ra3 29. Nf4 b3 30. Rb1 Rfa8 31. Kh2 h6 32. h4 Bg4 33. Nd4 g5 34.
hxg5 hxg5 35. Nxd5 b2 36. Be4 R8a4 37. Nf6+ Kg7 38. Nxg4 Rxd4 39. f3 Rd2 40. Kg3
Ra1 41. Ne3 Rxb1 42. Bxb1 b5 43. Nf5+ Kf8 44. Nd6 Rd1 45. Bf5 b1=Q 46. Bxb1 Rxb1
47. Kg4 b4 48. Kxg5 b3 49. Nc4 Rc1 50. Na3 b2 51. g4 Ra1 0-1

[Event "Titled Tue 27th May Early"]
[Site "chess.com INT"]
[Date "2025.05.27"]
[Round "1"]
[White "Zaw, Ye Htut"]
[Black "Shirov, Alexei"]
[Result "0-1"]
[WhiteTitle "CM"]
[BlackTitle "GM"]
[WhiteElo "2180"]
[BlackElo "2620"]
[WhiteFideId "13013955"]
[BlackFideId "2209390"]
[EventDate "2025.05.27"]

1. e4 e5 2. Nf3 Nc6 3. Bb5 a6 4. Ba4 Nf6 5. d3 Bc5 6. O-O b5 7. Bb3 d6 8. a4 Rb8
9. axb5 axb5 10. h3 h6 11. Nc3 O-O 12. Ne2 Be6 13. Bxe6 fxe6 14. Ng3 Ne7 15. c3
Ng6 16. d4 Bb6 17. Qb3 Qd7 18. Be3 exd4 19. cxd4 d5 20. Ne5 Nxe5 21. dxe5 Nxe4
22. Nxe4 dxe4 23. Rfd1 Qf7 24. Rac1 Kh8 25. Bxb6 Rxb6 26. Qe3 Rbb8 27. Qxe4
Qxf2+ 28. Kh1 Rbd8 29. b4 Qf4 30. Qxf4 Rxd1+ 31. Rxd1 Rxf4 32. Rd7 Rxb4 33. Rxc7
Re4 34. Rc5 b4 35. Rb5 Kh7 36. Kg1 Kg6 37. Kf2 Kf5 38. Kf3 h5 39. Rb7 Rf4+ 40.
Ke3 g5 41. Rb5 h4 42. Kd3 Re4 43. Rb8 Kxe5 44. Rb5+ Kf4 45. Rb8 Re3+ 46. Kd4 e5+
47. Kd5 Rd3+ 48. Ke6 Rd4 49. Rf8+ Ke4 50. Rg8 b3 51. Rxg5 b2 52. Rxe5+ Kd3 53.
Rb5 Kc3 0-1

[Event "Titled Tue 27th May Early"]
[Site "chess.com INT"]
[Date "2025.05.27"]
[Round "1"]
[White "Vingris, Mikelis"]
[Black "Samunenkov, Ihor"]
[Result "0-1"]
[BlackTitle "GM"]
[WhiteElo "2102"]
[BlackElo "2572"]
[WhiteFideId "11611731"]
[BlackFideId "14187086"]
[EventDate "2025.05.27"]

1. e4 c5 2. Nf3 Nc6 3. d4 cxd4 4. Nxd4 Nf6 5. Nc3 e5 6. Ndb5 d6 7. Nd5 Nxd5 8.
exd5 Nb8 9. Qf3 a6 10. Qa3 Bf5 11. c4 Be7 12. Be3 O-O 13. Be2 Qd7 14. O-O Rc8
15. Rac1 Bg6 16. Rfd1 Qd8 17. Na7 Rc7 18. Bb6 Nd7 19. Bxc7 Qxc7 20. Nb5 Qb6 21.
Nc3 Bg5 22. Ra1 a5 23. b3 Re8 24. Qa4 Qd8 25. Qb5 Nc5 26. Na4 Ne4 27. Qxb7 Qf6
28. Qb6 h5 29. Bd3 Kh7 30. Re1 Nd2 31. Bxg6+ Qxg6 32. Re2 Qd3 33. Rae1 e4 34.
Qxa5 e3 35. f3 Bh4 36. Qc3 Bf2+ 37. Kh1 Qf5 38. h3 Nxf3 39. Rxf2 exf2 40. Rf1
Re1 0-1